|
|
|
|
| LEADER |
00000nab a2200000 a 4500 |
| 001 |
vtls000781029 |
| 003 |
SK-MaSNL |
| 005 |
20260304112403.0 |
| 008 |
250429c2001 xo 0 slo |
| 015 |
|
|
|a SNBRB2002/01-03113
|
| 035 |
|
|
|a CLN000132764
|
| 035 |
|
|
|a urn:nbn:sk:snk-ab97ro
|
| 035 |
|
|
|a (urnnbn)urn:nbn:sk:snk:ar-0077ol
|
| 035 |
|
|
|a (uuid)898959fa-edcd-4fd3-87fa-963648439a3c
|
| 040 |
|
|
|a SNKBUCL
|b slo
|c SNKBUCL
|e AACR2
|
| 041 |
0 |
|
|a cze
|
| 044 |
|
|
|a xo
|c SK
|
| 080 |
|
|
|a 613.83:331.56
|2 1997
|
| 080 |
|
|
|a 331.56:613.83
|2 1997
|
| 100 |
1 |
|
|a Kachlík, Petr,
|d 1966-
|4 aut
|9 115650
|
| 245 |
1 |
0 |
|a Vztahy mezi nezaměstnaností a zneužíváním návykových látek
|n I.
|p Přehled údajů
|c P. Kachlík, B. Buchtová
|
| 300 |
|
|
|b Tab.
|
| 504 |
|
|
|a Res. angl., čes.
|
| 504 |
|
|
|a Bibliogr. odkazy
|
| 650 |
0 |
7 |
|a drogová závislosť
|2 snkbucl
|9 1551
|
| 650 |
0 |
7 |
|a nezamestnanosť
|2 snkbucl
|9 4271
|
| 655 |
|
7 |
|a články z novín a časopisov
|2 snkbucl
|9 267496
|
| 700 |
1 |
|
|a Buchtová, B.
|4 aut
|9 1401722
|
| 773 |
0 |
|
|t Alkoholizmus a drogové závislosti (Protialkoholický obzor)
|g Roč. 36, č. 4-5 (2001), s. 211-235
|x 0862-0350
|
| 850 |
|
|
|a Slovenská národná knižnica
|
| 852 |
|
|
|a Slovenská národná knižnica
|
| 954 |
|
|
|a odborná, vedecká literatúra cudzojazyčná (svetová)
|2 lita
|
| 958 |
|
|
|a article13
|
| 958 |
|
|
|a MI
|
| 958 |
|
|
|a NB
|
| 958 |
|
|
|a OND
|
| 958 |
|
|
|a EUIPO
|
| 992 |
|
|
|a RBX
|
| 999 |
|
|
|c 2865697
|d 2867627
|